[Event "POL-chT U19 2nd League"]
[Site "Borowice"]
[Date "2012.07.26"]
[Round "8"]
[White "Dadello, Krzysztof"]
[Black "Konefal, Przemyslaw"]
[Result "1/2-1/2"]
[WhiteElo "1790"]
[BlackElo "1515"]
[PlyCount "81"]
[EventDate "2012.07.21"]
[EventType "team-swiss"]
[EventRounds "11"]
[EventCountry "POL"]
[SourceTitle "EXT 2014"]
[Source "ChessBase"]
[SourceDate "2013.11.20"]
[SourceVersion "1"]
[SourceVersionDate "2013.11.20"]
[SourceQuality "1"]
[WhiteTeam "Wroclaw KS Polonia U19"]
[BlackTeam "Rzeszow RzKSz U19"]
[WhiteTeamCountry "POL"]
[BlackTeamCountry "POL"]

1. g3 d5 2. c3 c5 3. Bg2 Nc6 4. d4 e6 5. Nf3 cxd4 6. Nxd4 Bd6 7. 0-0 Nge7 8. e4 dxe4 9. Bxe4 Bd7 10. Nb5 Bc7 11. Nd6+ Bxd6 12. Qxd6 Qb6 13. Nd2 Rd8 14. Nc4 Qb5 15. Qd3 Kf8 16. a4 Qa6 17. Bxc6 Qxc6 18. Ne5 Qd5 19. Nxd7+ Rxd7 20. Qc2 Qc6 21. Be3 a6 22. Rfd1 Nd5 23. Bd4 f6 24. b4 Nxb4 25. Qb3 Nd5 26. c4 Ne7 27. Bc5 Rxd1+ 28. Rxd1 Kf7 29. Bxe7 Kxe7 30. Qb4+ Kf7 31. Rd6 Qc7 32. Rb6 Rb8 33. c5 a5 34. Qb3 Qxc5 35. Qxe6+ Kf8 36. Rb5 Qc7 37. Rxa5 Qxa5 38. Qd6+ Kf7 39. Qxb8 Qe1+ 40. Kg2 Qe7 41. Kg1 1/2-1/2

[Event "POL-chT U19 2nd League"]
[Site "Borowice"]
[Date "2012.07.23"]
[Round "3"]
[White "Konefal, Przemyslaw"]
[Black "Wrobel, Kamil"]
[Result "1/2-1/2"]
[WhiteElo "1515"]
[BlackElo "1527"]
[PlyCount "80"]
[EventDate "2012.07.21"]
[EventType "team-swiss"]
[EventRounds "11"]
[EventCountry "POL"]
[SourceTitle "EXT 2014"]
[Source "ChessBase"]
[SourceDate "2013.11.20"]
[SourceVersion "1"]
[SourceVersionDate "2013.11.20"]
[SourceQuality "1"]
[WhiteTeam "Rzeszow RzKSz U19"]
[BlackTeam "Kluczbork LKS Goniec U19"]
[WhiteTeamCountry "POL"]
[BlackTeamCountry "POL"]

1. d4 d5 2. c4 c6 3. Nf3 Nf6 4. Nc3 e6 5. e3 Be7 6. Qc2 0-0 7. cxd5 cxd5 8. Bd3 Nc6 9. a3 h6 10. 0-0 Bd7 11. Bd2 Rc8 12. Kh1 Bd6 13. h3 e5 14. dxe5 Nxe5 15. Nxe5 Bxe5 16. Qb3 Bc6 17. Ne2 Qd7 18. Nd4 Ba4 19. Qa2 Bxd4 20. exd4 Bb5 21. Qb3 Bc4 22. Bxc4 Rxc4 23. Be3 Rfc8 24. Rac1 Ne4 25. Kg1 b5 26. Rxc4 Rxc4 27. Rc1 Qc6 28. Rxc4 Qxc4 29. Qxc4 bxc4 30. Bc1 Nd6 31. Bd2 Nb5 32. Bc3 Nxc3 33. bxc3 Kf8 34. Kf1 Ke7 35. g4 Kd6 36. Ke2 Kc6 37. Kd2 Kb5 38. Kc2 Ka4 39. Kb2 g5 40. f3 Kb5 1/2-1/2

[Event "POL-chT U19 2nd League"]
[Site "Borowice"]
[Date "2012.07.21"]
[Round "1"]
[White "Czornik, Janusz"]
[Black "Konefal, Przemyslaw"]
[Result "1-0"]
[WhiteElo "1855"]
[BlackElo "1515"]
[PlyCount "47"]
[EventDate "2012.07.21"]
[EventType "team-swiss"]
[EventRounds "11"]
[EventCountry "POL"]
[SourceTitle "EXT 2014"]
[Source "ChessBase"]
[SourceDate "2013.11.20"]
[SourceVersion "1"]
[SourceVersionDate "2013.11.20"]
[SourceQuality "1"]
[WhiteTeam "Gliwice Carbo U19"]
[BlackTeam "Rzeszow RzKSz U19"]
[WhiteTeamCountry "POL"]
[BlackTeamCountry "POL"]

1. e4 c5 2. Nf3 d6 3. d4 cxd4 4. Nxd4 Nf6 5. Nc3 g6 6. Be3 Bg7 7. f3 a6 8. Qd2 Nc6 9. 0-0-0 Qc7 10. Kb1 Ne5 11. Nb3 Bd7 12. f4 Nc6 13. Nd5 Nxd5 14. exd5 Nd8 15. Bd4 0-0 16. Bxg7 Kxg7 17. Bd3 e6 18. Be4 e5 19. f5 f6 20. g4 Nf7 21. h4 Qc4 22. Qg2 g5 23. Bd3 Qd4 24. Nxd4 1-0